Προαγωγή αειφορικών πολιτικών σε περιβαλλοντικά υποβαθμισμένες περιοχές: η μελέτη περίπτωσης του Ασωπού ποταμού : διατριβή

Η έννοια της αειφορίας αποκτά μεγαλύτερη σημασία ιδιαίτερα σε περιοχές που αντιμετωπίζουν περιβαλλοντική υποβάθμιση, όπως η περιοχή του Ασωπού ποταμού, που θα εξεταστεί στην παρούσα διπλωματική εργασία. Η ρύπανση και η εξάντληση των φυσικών πόρων της περιοχής γίνεται με ρυθμούς που οδηγούν στην κατα...

Πλήρης περιγραφή

Αποθηκεύτηκε σε:
Λεπτομέρειες βιβλιογραφικής εγγραφής
Κύριος συγγραφέας: Τζαγκαράκη, Ευαγγελία-Ελευθερία
Συγγραφή απο Οργανισμό/Αρχή: Πανεπιστήμιο Αιγαίου Σχολή Περιβάλλοντος Τμήμα Περιβάλλοντος Πρόγραμμα Μεταπτυχιακών Σπουδών Περιβαλλοντική Πολιτική και Διαχείριση
Μορφή: Thesis Βιβλίο
Γλώσσα:Greek
Δημοσίευση: 2014.
Θέματα:
Διαθέσιμο Online:http://hdl.handle.net/11610/14899
Ετικέτες: Προσθήκη ετικέτας
Δεν υπάρχουν, Καταχωρήστε ετικέτα πρώτοι!

MARC

LEADER 00000cam a2200000 a 4500
001 1/109263
008 151029s2014####gr | ||| |||| ||gre||
040 |a GR-MyUa  |b gre  |c GR-MyUa  |e AACR2 
041 0 |a gre 
082 7 |a 333.7   |2 (23)  
100 1 |a Τζαγκαράκη, Ευαγγελία-Ελευθερία. 
245 1 0 |a Προαγωγή αειφορικών πολιτικών σε περιβαλλοντικά υποβαθμισμένες περιοχές: η μελέτη περίπτωσης του Ασωπού ποταμού :   |b διατριβή /   |c Τζαγκαράκη Ευαγγελία-Ελευθερία ; επιβλέπων καθηγητής: Ευαγγελινός Κωνσταντίνος.  
260 |c 2014.  
300 |a 110 σ. :   |b διαγρ. ;   |c 24 εκ.  
502 |a Διατριβή (μεταπτυχιακή) - Πανεπιστήμιο Αιγαίου, Λέσβος, 2014.  
504 |a Περιλαμβάνει βιβλιογραφία και παράρτημα.  
506 1 |a Ηλεκτρονική διάθεση στο πλήρες κείμενο – περιορισμένης πρόσβασης ;   |d Ελεύθερη διάθεση μόνο στα μέλη του Πανεπιστημίου Αιγαίου.  
520 8 |a Η έννοια της αειφορίας αποκτά μεγαλύτερη σημασία ιδιαίτερα σε περιοχές που αντιμετωπίζουν περιβαλλοντική υποβάθμιση, όπως η περιοχή του Ασωπού ποταμού, που θα εξεταστεί στην παρούσα διπλωματική εργασία. Η ρύπανση και η εξάντληση των φυσικών πόρων της περιοχής γίνεται με ρυθμούς που οδηγούν στην καταστροφή του φυσικού περιβάλλοντος. Σήμερα, βλέποντας την καταστροφή των πόρων από τους οποίους εξαρτάται η επιβίωσή μας, τόσο η αντίληψη όσο και οι σχέσεις του ανθρώπου για το περιβάλλον έχουν εξελιχθεί. Οι ειδικοί όλο και περισσότερο μελετούν το πρόβλημα της υποβάθμισής του και προτείνουν τρόπους ορθολογικής διαχείρισης των περιβαλλοντικά υποβαθμισμένων περιοχών. Σκοπός λοιπόν σε αυτή τη μελέτη είναι αφενός μεν να μελετήσουμε πως μπορεί να επιτευχθεί μία αειφορική ανάπτυξη μέσα από την συνύπαρξη τοπικών κοινωνιών και επιχειρήσεων, αλλά και να εξετάσουμε αφετέρου το κοινωνικό κεφάλαιο της περιοχής. Η έννοια του κοινωνικού κεφαλαίου αποτελεί σημαντικό επεξηγηματικό παράγοντα, για την κατανόηση κοινωνικών παραμέτρων που επηρεάζουν την εφαρμογή κοινωνικών πολιτικών. Η βασική σύνδεση πηγάζει από την πεποίθηση ότι κοινότητες με ‘ισχυρό’ κοινωνικό κεφάλαιο (π.χ. υψηλή διαπροσωπική και θεσμική εμπιστοσύνη, πυκνά κοινωνικά δίκτυα) τείνουν να δρουν συλλογικά για τη διατήρηση και βελτίωση των φυσικών πόρων. Ας μην ξεχνάμε όμως πως απώτερος σκοπός είναι μέσα από τον συνδυασμό της μελέτης του κοινωνικού κεφαλαίου, που αφορά τη σύσταση και τη δομή της κοινωνίας, αλλά και μέσα από την μελέτη των σχέσεων της κοινωνίας αυτής με τις επιχειρήσεις, να καταλήξουμε στο εάν είναι εφικτό να διαμορφωθούν κατάλληλες περιβαλλοντικές πολιτικές στην περιοχή του Ασωπού που αντιμετωπίζει εκτεταμένη περιβαλλοντική υποβάθμιση.  
540 |a Κλειδωμένη η δυνατότητα αντιγραφής (copy) από το ηλεκτρονικό αρχείο.  
650 0 |a Rivers  |z Greece  |z Voiotia. 
650 0 |a Environmental protection  |x Public opinion. 
650 0 |a Environmental protection  |x Citizen participation. 
700 1 |a Ευαγγελινός, Κωνσταντίνος,  |e dgs 
710 2 |a Πανεπιστήμιο Αιγαίου  |b Σχολή Περιβάλλοντος  |b Τμήμα Περιβάλλοντος  |b Πρόγραμμα Μεταπτυχιακών Σπουδών Περιβαλλοντική Πολιτική και Διαχείριση. 
852 |a INST  |b LESVOS  |c DIATR  |e 20151029  |h 787  |p 005100057991  |q 005100057991  |t MTXE  |y 23 
856 |u http://hdl.handle.net/11610/14899 
924 |a Τζαγκαράκη   |b Ευαγγελία-Ελευθερία  |y Λέσβος  |z 2014-10 
970 |a Τζαφέρη  |b Ευαγγελία  |z 29-10-2015